[Event "EU-ch 12th"]
[Site "Aix les Bains"]
[Date "2011.03.23"]
[Round "2"]
[White "Feller, Sebastien"]
[Black "Romanishin, Oleg M"]
[Result "1/2-1/2"]
[WhiteElo "2657"]
[BlackElo "2530"]
[Annotator "Marin,M"]
[PlyCount "121"]
[EventDate "2011.03.22"]
[EventType "swiss"]
[EventRounds "11"]
[EventCountry "FRA"]
[SourceTitle "CBM 142 Extra"]
[Source "ChessBase"]
[SourceDate "2011.06.27"]
[SourceVersion "1"]
[SourceVersionDate "2011.06.27"]
[SourceQuality "1"]

1. d4 Nf6 2. c4 e6 3. Nc3 Bb4 4. Nf3 c5 5. g3 {An interesting psychological
moment. The fianchetto line against the Nimzo-Indian bears Romanischin's name.
Nowadays, this variation is quite popular and has been extensively analysed
and rehearsed in practice, having become common knowledge of many young
players. However, it certainly looks provocative to use it against its
Godfather himself...} Nc6 6. Bg2 Ne4 $5 {An old-fashioned line, in which Black
refrains from establishing full pawn contact in the centre. It not only well
suits Romanischin's style, but also allows one to avoid massive computer
preparation, since the ensuing lines have a less forced character.} 7. Bd2 ({
The other major branch is} 7. Qd3 {, when the main way of avoiding releasing
the tension in the centre with ...cxd4 is} Qa5 $5 {as played in several games.}
) 7... Nxd2 {Romanischin seems to adapt himself to the modern trend.} ({
The classical treatment of the variation is} 7... Bxc3 8. bxc3 Na5 ({More
ambitious than} 8... O-O 9. O-O Na5 {Kasparov,G (2700)-Karpov,A (2720)/Moscow
1985/MainBase (1/2, 29)}) 9. Bf4 d5 10. cxd5 Nxc3 11. Qc1 $5 (11. Qd3 Nxd5 12.
dxc5 Nxf4 13. Qxd8+ Kxd8 14. gxf4 Bd7 15. Rb1 Rc8 16. Ne5 Be8 17. Bxb7 Rxc5 18.
Ba6 f6 19. Nd3 Rc6 20. Nb4 Rb6 $11 {Whitehead,J-Suba,M/Saint John 1988/ (1/2,
26)}) 11... cxd4 (11... Nxd5 12. dxc5 Nxf4 13. Qxf4 $14) 12. d6 {The position
has become strategically irrational, but Black seems to have resources because
of the numerous queenside squares available for the knights.} Bd7 13. Nxd4 Rc8
14. Qd2 b5 $132 {Socko,B (2646)-Olszewski,M (2424)/Warsaw 2007/CBM 121 Extra 
(1/2, 44)}) 8. Qxd2 cxd4 9. Nxd4 {Black has opted for some kind of Hedgehog,
in which his delay in dveelopment should be compensated for by the bishop pair.
} Qb6 (9... Ne5 {Bacrot,E (2627)-Lautier,J (2658)/Enghien les Bains 2001/CBM
083/[Wells] (1/2, 34)}) 10. Nc2 {The natural reaction.} (10. e3 $5 {is
interesting, though.} Ne5 11. b3 Qa5 {Cheparinov,I (2678)-Ivanchuk,V (2703)/
Jermuk 2009/CBM 132/[Krasenkow] (0-1, 42). According to Krasenkow, Black did
not quite equalise in that game.}) 10... Be7 11. O-O ({The rooks belong on d1
and c1/b1 in this structure, which makes} 11. Rd1 {look a bit strange.} d6 12.
O-O O-O 13. b3 Rd8 14. e3 Bd7 15. Nd4 Rac8 {Black has completed his
development harmoniously and has little to fear.} 16. f4 $6 {Unjustified
optimism.} Nxd4 17. exd4 (17. Qxd4 Qc7 $5 {[%cal Gd6d5]}) 17... d5 $1 18. Rb1 (
18. c5 Bxc5 $1 $17) (18. cxd5 Bb4 19. Rc1 exd5 $17 {In both lines, the absence
of a rook on c1 makes itself felt.}) 18... dxc4 19. bxc4 Qa5 $17 {Provotorov,I
(2368)-Kostin,A (2386)/Voronezh 2007/EXT 2008 (0-1, 33)}) 11... O-O 12. Rab1 (
12. Rac1 Rd8 13. b3 d6 14. Rfd1 Bd7 15. Qe3 {Not really dangerous for Black.
After the queen exchange, the king will get the possibility to approach the
centre either along the back rank, or by means of ...f5 and ...Kf7.} Qxe3 16.
Nxe3 Be8 17. Rd2 a6 {[%cal Ga8b8,Gb7b5]} 18. Na4 (18. Rcd1 {[%cal Gc3e4]} f5 $5
) 18... Rab8 19. Nb6 Kf8 20. Rcd1 Ne5 $1 {Preparing to unblock the b-pawn.} 21.
a4 Nd7 22. a5 Nxb6 23. axb6 Rdc8 24. b4 Bc6 $15 {Lauber,A (2503)-Wojtaszek,R 
(2637)/Stockholm 2009/CBM 134 Extra (1/2, 39)}) 12... d6 13. Rfd1 ({Black's
position proved solid enough against a radical attack on both wings in a game
at the top level:} 13. b4 Rd8 14. Kh1 Bd7 15. Ne3 Bf8 16. b5 Na5 17. f4 Qc7 18.
Rfc1 Rac8 19. Ne4 b6 20. Rc2 h6 21. Rf1 f5 22. Nf2 g6 23. Nd3 Bg7 24. Rfc1 Be8
25. Nd1 Qe7 26. Qb4 Rc7 $15 {Nakamura,H (2751)-Ponomariov,R (2744)/Wijk aan
Zee 2011/CBM 141 (1/2, 43). Black has regrouped harmoniously and is ready to
enjoy the weaknesses created by White's overoptimistic aggression.}) 13... Ne5
$146 {This looks like premature display of activity, although concrete
analysis proves it to be OK. In principle, Black should be concerned about
completing his development first of all.} (13... Rd8 {is natural and sound.}
14. Ne3 a6 15. b4 Qa7 16. a4 Bd7 17. a5 Ne5 {Sasikiran,K (2669)-Macieja,B 
(2612)/Warsaw 2009/CBM 132 (1/2, 23), With a solid position for Black.}) 14.
Qd4 {Taking advantage of the availability of the d4-square. White offers the
queen exchange under favourable circumstances.} Qc7 (14... Qxd4 15. Rxd4 a6 16.
Rbd1 $14) 15. Ne3 Bd7 16. Rbc1 {White is fully mobilised and Black has
problems maintaining his coordination.} a6 $6 {After this standard move, Black
will not be able to equalise completely.} ({His main problem is that the
generally desirable} 16... Rfd8 $2 {, planning to regroup with ...Be8 and ...
Rac8 loses to} 17. Ncd5 $1 $18) (16... Rfc8 $5 17. b3 Be8 18. Bh3 $5 Bf8 (18...
Rd8 $2 19. Ned5 $1 Qd7 20. Nxe7+ Qxe7 21. c5 $18) 19. Ne4 Rd8 {Not without
some effort, Black has managed to re-arrange his pieces and his position looks
viable.}) 17. b3 $1 {A necessary move, not only consokidating the c4-pawn
"just in case", but also covering the d1-a4 diagonal.} (17. Ne4 Rfd8 $11 18.
Nxd6 $6 Ba4 $1) 17... f5 (17... Rfe8 18. Ne4 $16) 18. Qd2 Nf7 19. c5 $1 $14 {
For the experts of the Romanischin system, it is quite important to get a
Catalan type of position, with play along the central files. The Hedgehog
contours are gone now and White's superior mobilisation gives him the upper
hand.} Bc6 $8 (19... d5 20. Ncxd5 $1 $18 exd5 21. Nxd5 Qd8 22. Nxe7+ Qxe7 23.
Qxd7) (19... Qxc5 20. Ncd5 $18) 20. cxd6 Bxd6 21. Bxc6 Qxc6 22. Ncd5 Qb5 23. a4
(23. Nc7 Bxc7 24. Rxc7 Rfd8 25. Qc2 Rxd1+ 26. Qxd1 Rd8 27. Qc2 $14 {Catalan
specialists would love such a position with White. The structure is almost
symmetrical, but Black has more weaknesses and White's pieces are more active.}
) 23... Qxb3 24. Rb1 (24. Ra1 exd5 25. Rdb1 Bb4 26. Qxb4 (26. Qd4 Bc3) 26...
Qxb4 27. Rxb4 $14 {Retrieving the pawn and keeping the upper hand. This is
another promissing ending, in which the presence of knights offers White more
practical chances than in the game.}) 24... Qa3 (24... Qxa4 25. Nb6 Qc6 26.
Nxa8 Rxa8 27. Rbc1 $14 {The queenside pawns are not too threatening yet, while
the weakened kingside may soon come under attack.}) 25. Nc4 Qc5 26. Nxd6 Qxd6
27. Nf6+ gxf6 28. Qxd6 Nxd6 29. Rxd6 Rf7 30. Rxe6 $14 {White has the better
strucure and more active rooks. Black will reach a draw, but not without a
share of suffering.} Rd8 31. Rb4 Kg7 32. Kg2 Rdd7 33. e3 Rfe7 34. Reb6 Kg6 35.
g4 (35. h3 h5) 35... fxg4 36. Rxg4+ Kf7 37. Rh4 Kg7 38. Rf4 Rf7 39. Rf5 Kg6 40.
Rf4 Kg7 41. Kf3 Rc7 42. Rfb4 h5 43. Kg3 Kg6 44. e4 Rc3+ 45. f3 Rd7 46. Rb2 Rdd3
$132 47. Rf2 Rb3 48. Rxb3 Rxb3 $11 49. Rd2 Rb4 50. Rd7 a5 51. h4 Rxa4 52. Rxb7
Rb4 53. Ra7 a4 54. Ra5 Rc4 55. Ra6 Kg7 56. Kf4 Kg6 57. Ke3 Rc3+ 58. Ke2 a3 59.
e5 Kf5 60. exf6 Kg6 61. Ra5 1/2-1/2

[Event "Sinquefield Cup 3rd"]
[Site "Saint Louis"]
[Date "2015.08.26"]
[Round "4"]
[White "So, Wesley"]
[Black "Aronian, Levon"]
[Result "0-1"]
[WhiteElo "2779"]
[BlackElo "2765"]
[Annotator "Marin,M"]
[PlyCount "56"]
[EventDate "2015.08.23"]
[EventType "tourn"]
[EventRounds "9"]
[EventCountry "USA"]
[EventCategory "22"]
[SourceTitle "CBM 168"]
[Source "ChessBase"]
[SourceDate "2015.09.14"]
[SourceVersion "1"]
[SourceVersionDate "2015.09.14"]
[SourceQuality "1"]

1. d4 Nf6 2. c4 e6 3. Nc3 Bb4 4. f3 c5 {If Black wants to play for a win
against the Gheorghiu Samisch, this is the best way to do it.} ({The last move
features an entirely different approach than} 4... d5 {, which aims at
preventing White's central expansion.}) 5. d5 O-O 6. e4 d6 {This structure
illustrates both the merits and the shortcomings of White's system. He has
been allowed to build up a massive centre, but faces problems completing his
kingside development.} 7. Nge2 ({The ultra-solid} 7. Bd2 {was played in
Nakamura,H (2772)-Carlsen,M (2881) Shamkir 2014 CBM 160 [Stohl,I] (0-1, 52)}) (
7. Bd3 {speeds up the development, but exposes the bishop to the knight's
attack, indirectly weakening the c4- and d5-pawns. To my taste, the most
convincing continuation is} Bxc3+ (7... b5 {is interesting, too, as played in
Macedo,M (2369)-Mekhitarian,K (2566) Joao Pessoa 2013 CBM 158 [Mekhitarian,K] 
(0-1, 26)}) 8. bxc3 Nbd7 9. Ne2 ({Maybe} 9. Nh3 {is more flexible, but it does
not change much:} Ne5 10. Nf2 Qa5 11. Qc2 Nfd7 {[%csl Gc4]}) 9... Ne5 10. Ng3
Qa5 11. Qc2 b5 $1 {This comes with much greater effect than on move 7.} (11...
Nfd7 {is playable here, too.}) 12. cxb5 exd5 $36 {Malaniuk,V (2545)-Kuzmin,G 
(2470) Frunze 1987 (1-0, 30)}) 7... a6 $5 {A rare continuation. Black prepares
the typical Benko-like sacrifice ...b7-b5.} ({The immediate break} 7... b5 {
has been tested quite often, too:} {In the times I used to play this line with
White, the best continuation was cosidered} 8. Nf4 {aiming at stabilziing the
centre, even at the cost of one tempo. I still believe this is a safe way of
meeting the pawn sacrifice.} (8. dxe6 {this gives Black plenty of play.} fxe6 (
{If} 8... Bxe6 {White should take on b5 rather than} 9. Nf4 $6 bxc4 10. e5 {
when in Marin,M (2485)-Inkiov,V (2510) Stara Zagora 1990 (1-0, 35) Vegh
suggested the strong improvement} Ne8 $1 11. Nxe6 fxe6 12. exd6 Nxd6 {[%csl
Rd4][%cal Gb8c6] with an extra pawn and the better development.}) 9. e5 dxe5
10. Qxd8 Rxd8 11. cxb5 a6 $44 {Zhou,J (1938)-Wei,Y (2629) China 2014 (0-1, 73)}
) 8... e5 (8... exd5 {was played in Grischuk,A (2781)-Topalov,V (2798)
Stavanger 2015 (0-1, 39) and now White in vain refrained from} 9. Nfxd5 {
which is one of the main ideas of Ne2-f4} Nxd5 10. Qxd5 {[%csl Ga8]} Qb6 11.
Bf4 $14) 9. Nfe2 Nh5 ({One of the games I had as a model went} 9... bxc4 10.
Ng3 Ba6 11. Bg5 h6 12. Be3 {[%csl Rh6][%cal Gg3f5,Gg2g4]} Bc8 13. Bxc4 $14 {
Shirov,A (2610)-Savon,V (2460) Moscow 1991 (1-0, 43)}) 10. g4 Qh4+ 11. Kd2 Nf4
12. Nxf4 exf4 {Berkes,F (2702)-Yemelin,V (2574) Skopje 2013 (0-1, 29)} 13. cxb5
Nd7 14. Kc2 $14 {[%csl Gf4] The white king is safe enough and Black has some
worries with his f4-pawn. For instance} Qf6 15. Qd2 g5 16. h4 h6 17. hxg5 hxg5
18. Qh2 $16) 8. a4 {A natural move which seems to prevent ...b7-b5 for a long
time at least.} (8. Ng3 b5 $1 {The critical move.} ({But Black can also
transpose to some sort of Benoni structure with} 8... Re8 9. Be2 exd5 10. cxd5
Nbd7 {Sethuraman,S (2576)-Vishnu,P (2465) Sharjah 2014 (½-½, 36). The only
question is why did he need ...a7-a6 if he did not plan to play an early ...
b7-b5?}) 9. Bf4 (9. dxe6 Bxe6 10. cxb5 Qa5 $36) (9. cxb5 exd5 10. exd5 Qb6 11.
bxa6 Re8+ 12. Be2 c4 $17 {[%csl Ge1]}) 9... exd5 10. cxd5 Qb6 {[%csl Ge1][%cal
Gb8d7,Gc5c4]} 11. a4 {[%cal Ga1a8,Ga4b5]} Ba5 $1 $13) ({One of the main ideas
of 7...a6 is that} 8. Nf4 {is an early committment and does not work as well
as in the similar line with 7...b5. The main difference is that the a8-rook is
not hanging, offering Black an important tempo for his initiative.} exd5 9.
Nfxd5 ({With the knight on f4 the structure after} 9. cxd5 Nbd7 {tends to
favour Black.}) 9... Nxd5 10. Qxd5 Qh4+ 11. g3 Bxc3+ 12. bxc3 Qf6 13. Qd3 Nc6
$15) 8... Ba5 $5 $146 {A deep novelty, aiming to transform the pin along the
a-file into a potential battery.} (8... exd5 9. cxd5 Nbd7 {would lead to
normal play.} 10. Ng3 Rb8 11. Be2 b5 12. axb5 axb5 13. O-O c4 14. Nf5 {Bandza,
A (2380)-Ilinsky,V (2350) Prague 1990 (½-½, 23)}) (8... Re8 9. Bg5 $2 (9. Ng3
$1 {is similar to the game above.}) 9... h6 10. Bh4 exd5 11. cxd5 Nbd7 12. Nc1
$2 Nxe4 $1 13. fxe4 (13. Bxd8 Nxc3+) 13... Qxh4+ 14. g3 Qxe4+ 15. Qe2 Nf6 {
Barron,P-Jeske,M Hildesheim 1996 (0-1, 15)}) 9. Bd2 {A seemingly solid move
which delays the kingside development though. But other moves allow Black
carry out his planned sacrifice:} (9. Ng3 b5 10. dxe6 (10. axb5 axb5 11. cxb5
$4 Bxc3+ 12. bxc3 Rxa1) 10... Bxe6 11. cxb5 d5 $36) (9. Nf4 b5 10. dxe6 (10.
cxb5 e5 11. Nd3 axb5 $132) 10... fxe6 11. axb5 axb5 12. Be3 g5 13. Nh3 (13.
Nfe2 bxc4 14. Bxg5 Nc6) 13... g4 {with good counterplay for Black in all lines
and a rather messy position.}) 9... exd5 10. cxd5 (10. exd5 {exposes the king
too much.} Re8 11. Kf2 {What else?} Nbd7 12. Ng3 Nh5 $3 $36 13. Nxh5 Qh4+ 14.
Ng3 $2 Qd4+ {followed by mate.}) (10. Nxd5 Nc6 $15 {[%csl Gd4]}) 10... Nh5 $1 {
An excellent reaction to 9.Bd2. Black's kingside counterplay is hard to stop.}
11. g3 ({The main point is that with the d2-square unavailable for the king,} 
11. g4 $2 {loses to} Qh4+) 11... Nd7 12. Bg2 b5 {[%csl Rc3][%cal Gb5b4,Gc3b1]
For the underdeveloped white army Aronian's play on both sides is very
annoying.} 13. g4 {Risky, but White had problems anyway.} (13. Qc2 {clears the
d1-square for the knight but keeps the king in the centre.} f5 ({Black should
not hurry to push the knight towards a good square:} 13... b4 14. Nd1 f5 15.
Nf2) 14. exf5 (14. O-O b4 15. Nd1 fxe4 16. fxe4 Rxf1+ 17. Bxf1 Ne5 $17) 14...
Ne5 15. g4 Qh4+ 16. Kf1 Nxg4 $1 {Rather similar to Aronian's sacrifice.} 17.
fxg4 Qxg4 18. Qe4 Bxf5 19. Qxg4 Bxg4+ 20. Ke1 (20. Kg1 Bxe2 {[%csl Gd2]}) 20...
Rae8 21. Ne4 Bxd2+ 22. Kxd2 Bxe2 23. Nxd6 (23. Kxe2 Nf4+ $19) 23... Re5 $17 {
[%cal Gf8f2]}) (13. axb5 axb5 14. b4 {White is not well prepared for this
principled pawn break} ({Maybe the greedy} 14. Nxb5 Bxd2+ 15. Kxd2 {is a bit
safer, even though Black has great compensation after} Ba6 16. Nec3 Bxb5 17.
Nxb5 Qb6 $36) 14... cxb4 15. Nxb5 ({The thematic} 15. Na2 {aiming to
consolidate with Nxb4 and Nd4, invading c6, allows Black too much activity:}
Ne5 16. O-O Nc4 17. Bxb4 Ne3 $19) 15... Ne5 16. O-O Ba6 17. Nbd4 Bb6 $15) 13...
b4 14. Nb1 $2 {After this counter-developing move only a miracle can save
White.} ({He should have gone for} 14. gxh5 bxc3 15. bxc3 Qh4+ 16. Ng3 Ne5 17.
O-O {Black surely has compensation for the pawn, but at least White's position
looks decent.}) 14... Qh4+ 15. Kf1 Ne5 $1 {Given White's awful coordination,
it is obvious that the sacrifice is good and effective.} ({I tried to analyze
the engines' slight favourite} 15... f5 {but stopped when seeing that after}
16. gxf5 {Black's best is} Bd8 {I must confess I am not deep enough to
understand and comment on this kind of lines so I will stick to annotating on
Aronian's human choice.}) 16. Be1 $6 {Just pushing the queen on a better
square.} (16. Qe1 $2 {has the same drawback:} Qf6 17. gxh5 Nxf3 $19) ({True,
White's life is not rosy after the immediate piece capture:} 16. gxh5 f5 17.
Be1 Qe7 18. exf5 (18. f4 fxe4 {[%cal Ge5d3,Ge5g4]}) 18... Bxf5 19. Nd2 (19. Bf2
Nxf3 $1 20. Bxf3 Bh3+ 21. Bg2 Bxg2+ 22. Kxg2 Qe4+ 23. Kg1 Rxf2 24. Kxf2 Rf8+
25. Kg1 Qg4+ 26. Ng3 Qxd1+ {winning the queen and, after a few more moves, the
king as well.}) 19... b3 $1 $19 {[%cal Ga5d2,Ge5f3] This way of activating the
bishop is more natural than the aforementioned ...Ba5-d8.}) 16... Qf6 17. gxh5
Nxf3 18. Bf2 Bg4 {Consequent, but not the only move.} ({There was nothing
wrong with material grabbing:} 18... Qxb2 {Strange enough, White cannot save
his rook.} 19. Bxf3 (19. Nd2 Nxd2+ 20. Qxd2 Qxa1+) 19... Qxa1) 19. Qc1 (19.
Bxf3 Qxf3 20. Rg1 Qh3+ 21. Ke1 f5 $19) ({This was the last moment when White
could have put up some resistance, based, of course, on trying to get
developed:} 19. h3 Bxh5 20. Nd2 Ne5 {[%csl Gb2,Gf2][%cal Ge5d3] Black's
initiative is overwhelming, but White still is in the game.}) 19... Nd4 (19...
Ne5 {could have transposed to a theme mentioned above:} 20. Qe3 (20. Nf4 g5 $1
21. hxg6 $2 fxg6 {[%cal Gf8f1]}) 20... Nc4 21. Qb3 Ne3+ 22. Qxe3 Qxb2 {Oh,
again that rook...}) 20. Nxd4 cxd4 21. e5 {Hoping to get the e4-square for the
knight.} (21. Nd2 {would come too late to change anything:} Rac8 22. Qb1 (22.
Nc4 d3 {[%cal Gd3d2]} 23. b3 {[%csl Gc4]} Bb6 $1 $19 {[%csl Rf2][%cal Gc8c1,
Gf6f1]}) (22. Qe1 b3 {[%cal Gc8c2,Ra5e1]}) 22... d3 $1 {[%cal Gc8c2]} 23. Qxd3
Qxb2 24. Rb1 (24. Bd4 Rc3 $1 25. Bxc3 bxc3 26. Rb1 c2 $19) 24... Rc1+ 25. Rxc1
Qxc1+ 26. Be1 b3 {[%csl Rd2][%cal Gb3b2]}) 21... dxe5 22. Nd2 Rac8 23. Qb1 b3
$1 {Activating the last reserves, the bishop.} 24. Nxb3 ({The problem is that
after the planned} 24. Ne4 Qf4 {[%csl Rb1][%cal Gc8c2] the white queen cannot
move, making the threat ...Rc2 killing.}) 24... Bb6 25. a5 Ba7 ({There was no
need already for such tricks as} 25... Rc2 $1 26. Qxc2 d3 27. Qd2 Be2+) 26. Kg1
Bf5 27. Be4 $6 {Losing on the spot.} ({But} 27. Qe1 e4 $19 {is crushing}) 27...
Qg5+ (27... d3 $19 {is another possible move order based on the same idea.} 28.
Qxd3 Bxe4 $19 {[%csl Rh1]}) 28. Kf1 Qf4 {The queen has side-stepped the own
bishop to increase the pressure on both white bishops..} (28... Qf4 29. Bxf5 d3
30. Qe1 Rc2 $19 {A fantastic attacking game by Aronian.}) 0-1

[Event "Olympiad-37"]
[Site "Turin"]
[Date "2006.06.02"]
[Round "11"]
[White "Bareev, Evgeny"]
[Black "Kaidanov, Gregory S"]
[Result "1/2-1/2"]
[WhiteElo "2701"]
[BlackElo "2603"]
[Annotator "Marin,M"]
[PlyCount "69"]
[EventDate "2006.05.21"]
[EventType "team-swiss"]
[EventRounds "13"]
[EventCountry "ITA"]
[SourceTitle "CBM 113"]
[Source "ChessBase"]
[SourceDate "2006.07.31"]
[SourceVersion "1"]
[SourceVersionDate "2006.07.31"]
[SourceQuality "1"]
[WhiteTeam "Russia"]
[BlackTeam "US of America"]
[WhiteTeamCountry "RUS"]
[BlackTeamCountry "USA"]

1. d4 Nf6 2. c4 e6 3. Nc3 Bb4 4. Nf3 c5 5. g3 Ne4 6. Qd3 Qa5 7. Qxe4 Bxc3+ 8.
Bd2 Bxd2+ 9. Nxd2 O-O {By playing this modest move, Black accepts a slightly
inferior, but defensible position.} ({The recent discussion at top level has
been held in the variation} 9... Nc6 10. dxc5 b6 11. Bg2 Bb7 12. Qe3 ({A
possible improvment over} 12. Qf4 bxc5 13. Qd6 Qb6 14. Ne4 Nd4 {Bacrot,E (2717)
-Aronian,L (2752)/Morelia/Linares 2006 which led to incontrolable
complications.}) 12... Nb4 ({The difference regarding the placement of the
queen can be seen in the fact that after} 12... bxc5 13. O-O Nd4 {is
impossible because there is no fork on e2 available in case of} 14. Bxb7) 13.
O-O Nc2 14. Qg5 Bxg2 15. Nb3 Qa4 16. Qxg7 Rf8 17. Kxg2 Nxa1 18. Rxa1 bxc5 19.
Rc1 {Topalov,V (2739)-Kramnik,V (2809)/Monaco 2002 and after carrying out his
customary exchange sacrifice Topalov eventually won.}) 10. dxc5 Qxc5 11. Bg2
Nc6 12. O-O b6 13. Qf4 Ba6 14. Rac1 Rab8 15. Rfd1 Qe7 16. Ne4 f5 17. Nd6 e5 18.
Qe3 Rf6 19. Nb5 Rc8 20. Qd2 e4 21. Nd6 Rb8 22. b4 Nd8 23. Qd5+ Qe6 24. g4 g6
25. gxf5 gxf5 26. f3 exf3 27. Qxf3 Nf7 28. Qf4 Rg6 29. Nxf7 Kxf7 30. Qxb8 Rxg2+
31. Kxg2 Qxe2+ 32. Kg1 Qe3+ 33. Kf1 Qf3+ 34. Kg1 Qe3+ 35. Kf1 1/2-1/2